[Event "Chigorin Memorial"]
[Site "St Petersburg"]
[Date "2015.10.05"]
[Round "3.159"]
[White "Kunin, Pavel"]
[Black "Matchenya, Ivan"]
[Result "1/2-1/2"]
[WhiteElo "1957"]
[BlackElo "1795"]
[PlyCount "131"]
[EventDate "2015.10.03"]
[EventRounds "9"]
[EventCountry "RUS"]

1. Nf3 Nf6 2. d4 g6 3. g3 Bg7 4. Bg2 O-O 5. O-O d5 6. c4 Nc6 7. cxd5 Nxd5 8. e4
Nb6 9. d5 Na5 10. Nc3 c6 11. Nd4 cxd5 12. exd5 Nac4 13. b3 Nd6 14. Be3 Ne8 15.
Rc1 a6 16. h3 Nf6 17. Qf3 Nbd7 18. Rfd1 Ne5 19. Qe2 Qd6 20. Kh2 h5 21. f4 Ned7
22. Nf3 e6 23. Ng5 exd5 24. Nxd5 Nxd5 25. Rxd5 Qe7 26. Qd2 Re8 27. Bf2 Nf8 28.
Re1 Ne6 29. f5 gxf5 30. Rxf5 Bh6 31. Qa5 Bxg5 32. Rxg5+ Qxg5 33. Qxg5+ Nxg5 34.
Rxe8+ Kg7 35. Bd4+ f6 36. Bd5 Be6 37. Rxa8 Bxd5 38. Be3 Nf3+ 39. Kg2 Ng5+ 40.
Kf1 Nxh3 41. Rd8 Bc6 42. Rd6 Kg6 43. Bd4 Kg5 44. Bxf6+ Kg4 45. Bh4 Kf3 46. Rd3+
Kg4 47. a4 Ng5 48. Rd4+ Ne4 49. Ke2 Kf5 50. Kd3 Ke5 51. Rc4 Bd5 52. Rb4 Nc5+
53. Kc2 Be4+ 54. Kc3 Bd5 55. a5 Ne4+ 56. Kb2 Nc5 57. Ka3 Ne4 58. Rb6 Bc6 59.
Kb4 Kd5 60. Ka3 Ke5 61. Bd8 Kd5 62. Bc7 Nc3 63. Bb8 Nb5+ 64. Kb4 Kd4 65. Bf4
Na7 66. Ka3 1/2-1/2

[Event "Chigorin Memorial"]
[Site "St Petersburg"]
[Date "2015.10.05"]
[Round "3.160"]
[White "Sheynin, Izrail"]
[Black "Stroganov, Anatoly"]
[Result "1-0"]
[WhiteElo "1957"]
[BlackElo "1795"]
[PlyCount "37"]
[EventDate "2015.10.03"]
[EventRounds "9"]
[EventCountry "RUS"]

1. e4 d6 2. d4 Nf6 3. Nc3 g6 4. f4 Bg7 5. Nf3 c5 6. dxc5 Qa5 7. Bd3 Qxc5 8. Qe2
Ng4 9. Bd2 h5 10. h3 Nh6 11. O-O-O Nc6 12. Kb1 Nd4 13. Nxd4 Qxd4 14. Bb5+ Kf8
15. f5 Qe5 16. fxg6 fxg6 17. Bc4 Nf7 18. Rhf1 e6 19. Bxe6 1-0

[Event "Chigorin Memorial"]
[Site "St Petersburg"]
[Date "2015.10.05"]
[Round "3.161"]
[White "Toporkova, Sofia"]
[Black "Golovkina, Anastasia"]
[Result "0-1"]
[WhiteElo "1950"]
[BlackElo "1790"]
[PlyCount "68"]
[EventDate "2015.10.03"]
[EventRounds "9"]
[EventCountry "RUS"]

1. d4 d5 2. c4 e6 3. Nc3 Nf6 4. cxd5 exd5 5. Bg5 Be7 6. e3 c6 7. Bd3 O-O 8. Qc2
Nbd7 9. Nf3 Re8 10. O-O Nf8 11. Rab1 Ne4 12. Bxe7 Qxe7 13. Bxe4 dxe4 14. Nd2 f5
15. b4 Be6 16. Na4 Rac8 17. Nc5 Bd5 18. Qc3 Ng6 19. Rbe1 b6 20. Ncb3 Nh4 21.
Kh1 Qg5 22. Rg1 Re6 23. Nf1 Rf8 24. Qd2 Rg6 25. Ng3 Rh6 26. Nf1 Rff6 27. Nc1
Bc4 28. Ne2 Rfg6 29. Nfg3 Nf3 30. gxf3 Rxh2+ 31. Kxh2 Qh4+ 32. Kg2 exf3+ 33.
Kxf3 Qg4+ 34. Kg2 Bd5+ 0-1

[Event "Chigorin Memorial"]
[Site "St Petersburg"]
[Date "2015.10.05"]
[Round "3.162"]
[White "Petrochenko, Maria"]
[Black "Khlopushin, Dmitriy"]
[Result "1-0"]
[WhiteElo "1947"]
[BlackElo "1788"]
[PlyCount "117"]
[EventDate "2015.10.03"]
[EventRounds "9"]
[EventCountry "RUS"]

1. d4 d5 2. c4 e6 3. Nf3 Nf6 4. g3 Be7 5. Bg2 O-O 6. O-O dxc4 7. Ne5 Nd5 8.
Nxc4 Bd7 9. Ne5 Bb5 10. Nc3 Ba6 11. Qb3 c6 12. Re1 Nd7 13. Nxd7 Qxd7 14. a3 Nb6
15. Rd1 Rad8 16. Qc2 h6 17. b3 Nd5 18. Na4 Bb5 19. e4 Nc7 20. Nc5 Bxc5 21. Qxc5
b6 22. Qh5 Kh7 23. a4 Ba6 24. Ba3 Rfe8 25. Rac1 g6 26. Qf3 Bb7 27. e5 Nd5 28.
Qd3 Ne7 29. Qe2 Nf5 30. Bb2 h5 31. Be4 Ng7 32. Qf3 Rc8 33. b4 Rc7 34. Rc2 Rec8
35. Rdc1 c5 36. Bxb7 Rxb7 37. dxc5 bxc5 38. bxc5 Rbc7 39. c6 Qd5 40. Qxd5 exd5
41. e6 fxe6 42. Be5 Rf7 43. c7 Ne8 44. Rc6 Re7 45. Rb1 Kh6 46. Rb8 Rcxc7 47.
Bxc7 Rxc7 48. Rxc7 Nxc7 49. Rb7 Na6 50. Rxa7 Nc5 51. Ra5 Nb7 52. Rb5 Nd6 53.
Rb6 Nc4 54. Rxe6 Kg5 55. Kf1 Kf5 56. Re8 Ne5 57. f4 Nc4 58. Ke2 Nd6 59. Re5+
1-0

[Event "Chigorin Memorial"]
[Site "St Petersburg"]
[Date "2015.10.05"]
[Round "3.163"]
[White "Sapegin, Yaroslav"]
[Black "Popov, Alexei"]
[Result "1-0"]
[WhiteElo "1769"]
[BlackElo "1942"]
[PlyCount "141"]
[EventDate "2015.10.03"]
[EventRounds "9"]
[EventCountry "RUS"]

1. d4 Nf6 2. Bg5 c5 3. Nc3 d5 4. Bxf6 exf6 5. Nf3 Nc6 6. e3 Be6 7. Qd2 Qa5 8.
O-O-O Rc8 9. Kb1 cxd4 10. Nxd4 Nxd4 11. Qxd4 Bc5 12. Bb5+ Kf8 13. Qa4 Qxa4 14.
Bxa4 Rd8 15. Rd2 Bb4 16. Rhd1 Bxc3 17. bxc3 Ke7 18. Bb3 Rd6 19. c4 a5 20. cxd5
Bf5 21. Kc1 Rc8 22. f3 b5 23. a4 Rb6 24. e4 bxa4 25. Bxa4 Bd7 26. Bxd7 Kxd7 27.
Rd4 Rb5 28. Kd2 Rb2 29. Rc1 Ra2 30. Kd3 Ra3+ 31. Kd2 a4 32. c4 Rb8 33. c5 Ra2+
34. Rc2 Ra1 35. f4 a3 36. Ra4 Rb2 37. c6+ Kd6 38. Ra7 Rxc2+ 39. Kxc2 a2 40. e5+
fxe5 41. fxe5+ Kxd5 42. c7 Rg1 43. c8=Q a1=Q 44. Rxa1 Rxa1 45. Kb2 Rh1 46. Qh3
Kxe5 47. Qxh7 Kf6 48. Kc2 g6 49. Kd2 Rf1 50. Ke2 Rf5 51. g4 Rf4 52. Qh4+ Kg7
53. Qg5 Re4+ 54. Kd3 Re1 55. h4 f6 56. Qc5 Rf1 57. Ke2 Ra1 58. Qe7+ Kh6 59.
Qxf6 Ra2+ 60. Kf1 Ra8 61. g5+ Kh7 62. Qf7+ Kh8 63. h5 Ra1+ 64. Kg2 Re1 65. Qf8+
Kh7 66. Qh6+ Kg8 67. Qxg6+ Kh8 68. Qf6+ Kg8 69. h6 Re2+ 70. Kf3 Rf2+ 71. Kxf2
1-0

[Event "Chigorin Memorial"]
[Site "St Petersburg"]
[Date "2015.10.05"]
[Round "3.164"]
[White "Nazarova, Anastasia"]
[Black "Morozov, Boris"]
[Result "1-0"]
[WhiteElo "1941"]
[BlackElo "1770"]
[PlyCount "67"]
[EventDate "2015.10.03"]
[EventRounds "9"]
[EventCountry "RUS"]

1. e4 e5 2. Nf3 Nc6 3. Bb5 a6 4. Ba4 Nf6 5. d3 b5 6. Bb3 d6 7. c3 Qe7 8. O-O g6
9. Re1 Bg7 10. Nbd2 O-O 11. Nf1 Nd8 12. a4 Bb7 13. axb5 axb5 14. Rxa8 Bxa8 15.
Be3 Kh8 16. h3 Nh5 17. Qd2 Ne6 18. N1h2 Bc6 19. Bc2 Nef4 20. d4 Bd7 21. b4 f5
22. exf5 g5 23. dxe5 Bxf5 24. exd6 Qd7 25. Bxf5 Rxf5 26. dxc7 Qxc7 27. Bc5 Bf6
28. Re8+ Kg7 29. Ra8 Rd5 30. Nd4 Rd7 31. Ra7 Qc8 32. Nf5+ Kg6 33. Rxd7 Kxf5 34.
g4+ 1-0

[Event "Chigorin Memorial"]
[Site "St Petersburg"]
[Date "2015.10.05"]
[Round "3.165"]
[White "Lemeshev, Roman"]
[Black "Babanin, Gleb"]
[Result "0-1"]
[WhiteElo "1763"]
[BlackElo "1941"]
[PlyCount "156"]
[EventDate "2015.10.03"]
[EventRounds "9"]
[EventCountry "RUS"]

1. e4 c5 2. Nf3 d6 3. d4 cxd4 4. Nxd4 Nf6 5. Nc3 a6 6. Be2 e5 7. Nb3 Be7 8. Bg5
Nbd7 9. Qd2 h6 10. Bh4 O-O 11. O-O-O Nxe4 12. Nxe4 Bxh4 13. g3 Be7 14. Nxd6
Bxd6 15. Qxd6 Qf6 16. f4 exf4 17. gxf4 Qxd6 18. Rxd6 Nf6 19. Rg1 Kh8 20. Bf3
Rb8 21. Nc5 b6 22. Na4 b5 23. Nc5 a5 24. b3 Bf5 25. Nb7 Rfc8 26. Rc6 Rxb7 27.
Rxc8+ Bxc8 28. Bxb7 Bxb7 29. Rd1 Nd5 30. c4 bxc4 31. bxc4 Nxf4 32. Rd7 Ba6 33.
Rxf7 Nd3+ 34. Kd2 Ne5 35. Ra7 Bxc4 36. Rxa5 Nf3+ 37. Kc3 Be6 38. Ra6 Bf5 39.
Ra8+ Kh7 40. Rf8 Kg6 41. a4 Ne5 42. a5 Nc6 43. a6 Be4 44. Re8 Bd5 45. Rc8 Kf6
46. Rc7 Ne7 47. a7 Ke6 48. Rc5 Kd6 49. Rb5 Bf3 50. Kd3 Nc8 51. a8=Q Bxa8 52.
Rb8 Ne7 53. Rxa8 Ke5 54. Ra5+ Kf4 55. Ra4+ Kf3 56. Ra7 Nf5 57. Rf7 Kf4 58. Rf8
g5 59. Ke2 h5 60. Kf2 g4 61. Ra8 Nd6 62. Ra4+ Kg5 63. Ra5+ Kh4 64. Kg2 Nf7 65.
Ra4 Ng5 66. Rb4 Nf3 67. h3 Ne1+ 68. Kf1 Nc2 69. Rb2 Ne3+ 70. Ke2 Nf5 71. hxg4
hxg4 72. Rb4 Kh3 73. Rb5 Nd4+ 74. Kf1 Nxb5 75. Kg1 Nd4 76. Kh1 g3 77. Kg1 g2
78. Kf2 Kh2 0-1

[Event "Chigorin Memorial"]
[Site "St Petersburg"]
[Date "2015.10.05"]
[Round "3.166"]
[White "Dushin, Nikolay"]
[Black "Khatenever, Feliks"]
[Result "1-0"]
[WhiteElo "1936"]
[BlackElo "1767"]
[PlyCount "65"]
[EventDate "2015.10.03"]
[EventRounds "9"]
[EventCountry "RUS"]

1. d4 Nf6 2. Nf3 g6 3. g3 Bg7 4. Bg2 d6 5. Nc3 O-O 6. Bg5 c6 7. Qd2 Nbd7 8. Bh6
e5 9. Bxg7 Kxg7 10. dxe5 Nxe5 11. O-O-O Nxf3 12. Bxf3 d5 13. e4 Be6 14. exd5
Nxd5 15. Nxd5 cxd5 16. Bxd5 Qf6 17. Bxe6 fxe6 18. f4 Rf7 19. Rhe1 Rc8 20. Re5
Rc6 21. Qd4 a6 22. c3 h6 23. h4 Kh7 24. Qe4 h5 25. Rxh5+ Kg7 26. Re5 Rfc7 27.
Kb1 Rc4 28. Rd4 R4c6 29. h5 Rb6 30. Rg5 Kf8 31. Rxg6 Qf5 32. Qxf5+ exf5 33.
Rxb6 1-0

[Event "Chigorin Memorial"]
[Site "St Petersburg"]
[Date "2015.10.05"]
[Round "3.167"]
[White "Ismagilov, Damir"]
[Black "Shmoilov, Dmitry"]
[Result "0-1"]
[WhiteElo "1753"]
[BlackElo "1934"]
[PlyCount "148"]
[EventDate "2015.10.03"]
[EventRounds "9"]
[EventCountry "RUS"]

1. Nf3 d5 2. d4 Bg4 3. Ne5 Bf5 4. e3 e6 5. c4 Nd7 6. Nxd7 Qxd7 7. Nc3 Nf6 8.
Bd3 Bg6 9. a3 Be7 10. Bxg6 hxg6 11. Qb3 c6 12. Bd2 Rc8 13. Rc1 Bd6 14. h3 O-O
15. Qa4 a6 16. c5 Bb8 17. Qb3 e5 18. Na4 Rce8 19. Nb6 Qf5 20. O-O Ne4 21. Qc2
Re7 22. Na4 exd4 23. exd4 Qc8 24. Ba5 Qf5 25. Bd2 Qh5 26. Nc3 f5 27. Rce1 Ref7
28. Qd1 Qh4 29. Nxe4 dxe4 30. Bc1 g5 31. d5 cxd5 32. Qxd5 g4 33. Qb3 gxh3 34.
Qxh3 Qxh3 35. gxh3 Rd7 36. f3 Re8 37. fxe4 fxe4 38. Rd1 Rxd1 39. Rxd1 Kf7 40.
Rd7+ Re7 41. Rxe7+ Kxe7 42. Bg5+ Ke6 43. Kf2 Be5 44. b3 Kd5 45. Be3 Bb2 46. Kg3
Bxa3 47. Kf4 Bxc5 48. Bxc5 Kxc5 49. Kxe4 Kb4 50. Kf5 Kxb3 51. Kg6 a5 52. Kxg7
a4 53. h4 a3 54. h5 a2 55. h6 a1=Q+ 56. Kg8 Qg1+ 57. Kf7 Qf2+ 58. Kg8 Qg3+ 59.
Kf7 Qf4+ 60. Kg6 Qf8 61. h7 Qh8 62. Kf5 Qxh7+ 63. Ke5 Qg6 64. Kd4 Qf5 65. Ke3
Qg4 66. Kd3 b5 67. Ke3 Kc3 68. Kf2 Qh3 69. Kg1 Kd3 70. Kf2 Ke4 71. Kg1 Kf4 72.
Kf2 Qh2+ 73. Kf1 Ke3 74. Ke1 Qh1# 0-1

[Event "Chigorin Memorial"]
[Site "St Petersburg"]
[Date "2015.10.05"]
[Round "3.169"]
[White "Kokhnover, Ilya"]
[Black "Keadana, Amir"]
[Result "0-1"]
[WhiteElo "1925"]
[BlackElo "1730"]
[PlyCount "76"]
[EventDate "2015.10.03"]
[EventRounds "9"]
[EventCountry "RUS"]

1. e4 e6 2. d4 d5 3. Nc3 dxe4 4. Nxe4 Bd7 5. Nf3 Bc6 6. Bd3 Nd7 7. O-O Ngf6 8.
Ng3 Be7 9. Qe2 Bxf3 10. Qxf3 c6 11. b3 O-O 12. Bb2 a5 13. a3 Qc7 14. c4 Rfd8
15. Rfe1 Rac8 16. Rad1 Bd6 17. h3 Qb8 18. a4 Ne8 19. Ne4 Be7 20. g4 Ndf6 21. g5
Nxe4 22. Qxe4 g6 23. h4 Bb4 24. Re3 Ng7 25. Rh3 Nh5 26. Rf3 Ng7 27. Qg4 Qd6 28.
c5 Qd7 29. Bc4 Bxc5 30. Re1 Bxd4 31. Rxf7 Kxf7 32. Bxd4 Qxd4 33. Bxe6+ Nxe6 34.
Qxe6+ Kf8 35. Re3 Qd1+ 36. Kg2 Qd5+ 37. Rf3+ Kg7 38. Qe7+ Kg8 0-1

[Event "Chigorin Memorial"]
[Site "St Petersburg"]
[Date "2015.10.05"]
[Round "3.170"]
[White "Lyubokhiner, Leonid M"]
[Black "Rubtsov, Aleksandr"]
[Result "0-1"]
[WhiteElo "1723"]
[BlackElo "1924"]
[PlyCount "90"]
[EventDate "2015.10.03"]
[EventRounds "9"]
[EventCountry "RUS"]

1. d4 d5 2. Bf4 Nf6 3. e3 Bf5 4. Bd3 Bxd3 5. cxd3 Nbd7 6. Nc3 e6 7. Nf3 c5 8.
O-O a6 9. Ne2 Be7 10. dxc5 Bxc5 11. d4 Be7 12. Nc3 O-O 13. Rc1 Rc8 14. Qb3 Qb6
15. Qxb6 Nxb6 16. Ne5 Nc4 17. Nxc4 Rxc4 18. Nxd5 exd5 19. Rxc4 dxc4 20. f3 Nd5
21. Kf2 Nxf4 22. exf4 Bf6 23. Rd1 Rd8 24. Ke3 Re8+ 25. Kf2 Kf8 26. g3 Ke7 27.
g4 h6 28. Kg3 Kd6 29. Rc1 Kd5 30. b3 b5 31. bxc4+ bxc4 32. Rb1 Re7 33. Rb8 Rd7
34. h4 Bxd4 35. h5 c3 36. g5 c2 37. Rc8 Bc5 38. Rg8 c1=Q 39. Rxg7 Qg1+ 40. Kh3
Bf2 41. gxh6 Qh1+ 42. Kg4 Qh4+ 43. Kf5 Qxh5+ 44. Rg5 Qxh6 45. a4 Qe6# 0-1

[Event "Chigorin Memorial"]
[Site "St Petersburg"]
[Date "2015.10.05"]
[Round "3.171"]
[White "Komarov, Alexey"]
[Black "Klimentiev, Sergey"]
[Result "1-0"]
[WhiteElo "1921"]
[BlackElo "1727"]
[PlyCount "81"]
[EventDate "2015.10.03"]
[EventRounds "9"]
[EventCountry "RUS"]

1. c4 Nf6 2. Nf3 e6 3. g3 d5 4. Bg2 Be7 5. O-O O-O 6. d4 dxc4 7. Ne5 c5 8. dxc5
Bxc5 9. Nd2 c3 10. bxc3 Qc7 11. Ndc4 Nbd7 12. Bf4 Nxe5 13. Bxe5 Qe7 14. Qb3 Ng4
15. Bd4 e5 16. Bxc5 Qxc5 17. h3 Nf6 18. Qb4 Qc7 19. Ne3 Rb8 20. Rfd1 Be6 21.
Rac1 b6 22. c4 Rfd8 23. Nd5 Bxd5 24. cxd5 Qd6 25. Qxd6 Rxd6 26. Rc7 a5 27. Rdc1
h6 28. e4 Nd7 29. Rc8+ Kh7 30. Rxb8 Nxb8 31. Rc8 Na6 32. Bf1 Nc5 33. f3 Kg6 34.
Kf2 Kf6 35. Ke3 Ke7 36. Bb5 f5 37. Re8+ Kf6 38. Rf8+ Ke7 39. Rxf5 Nd7 40. Bxd7
Kxd7 41. Rxe5 1-0

[Event "Chigorin Memorial"]
[Site "St Petersburg"]
[Date "2015.10.05"]
[Round "3.172"]
[White "Khochinsky, Andrey"]
[Black "Nuritdinov, Nizomiddin"]
[Result "1-0"]
[WhiteElo "1680"]
[BlackElo "1918"]
[PlyCount "65"]
[EventDate "2015.10.03"]
[EventRounds "9"]
[EventCountry "RUS"]

1. d4 d5 2. c4 e6 3. Nc3 Nf6 4. Bg5 Be7 5. e3 O-O 6. Nf3 c6 7. Rc1 h6 8. Bh4
Re8 9. Bd3 Nbd7 10. O-O Nf8 11. Ne5 N6d7 12. Bxe7 Qxe7 13. f4 f5 14. cxd5 Nxe5
15. dxe5 exd5 16. Ne2 g6 17. Rf3 Kh7 18. Nd4 a6 19. Qc2 Qf7 20. Rg3 Be6 21. h4
c5 22. Nf3 c4 23. Be2 Qd7 24. Nd4 h5 25. Rg5 Kh6 26. Qd1 Qf7 27. Nxe6 Qxe6 28.
Bxh5 Qf7 29. Bxg6 Nxg6 30. Qh5+ Kg7 31. Rxf5 Qg8 32. Rf6 Qh7 33. Rf7+ 1-0

[Event "Chigorin Memorial"]
[Site "St Petersburg"]
[Date "2015.10.05"]
[Round "3.173"]
[White "Scheglov, Dmitry"]
[Black "Pankova, Julia"]
[Result "1/2-1/2"]
[WhiteElo "1910"]
[BlackElo "1703"]
[PlyCount "83"]
[EventDate "2015.10.03"]
[EventRounds "9"]
[EventCountry "RUS"]

1. e4 c5 2. Nc3 Nc6 3. g3 g6 4. Bg2 Bg7 5. d3 d6 6. f4 e6 7. Nf3 Nge7 8. Be3
O-O 9. O-O Rb8 10. Qd2 Nd4 11. Nd1 b6 12. Nh4 f5 13. c3 Ndc6 14. Nf3 fxe4 15.
dxe4 d5 16. exd5 exd5 17. Bf2 Ba6 18. Re1 d4 19. cxd4 Nxd4 20. Nxd4 cxd4 21.
Rc1 Nf5 22. b4 Qd7 23. Nc3 Rfd8 24. Red1 Rbc8 25. g4 Ne7 26. Bh4 Rxc3 27. Rxc3
dxc3 28. Qxd7 Rxd7 29. Rxd7 c2 30. Rc7 Bd4+ 31. Bf2 Bc5 32. Rxc5 bxc5 33. Be3
cxb4 34. Be4 Bc4 35. Bxc2 Bxa2 36. Bd3 Nd5 37. Bxa7 Nxf4 38. Bf1 Kf7 39. Kf2
Ke6 40. Ke3 Nd5+ 41. Kd4 Kf6 42. h4 1/2-1/2

[Event "Chigorin Memorial"]
[Site "St Petersburg"]
[Date "2015.10.05"]
[Round "3.174"]
[White "Mednik, Boris"]
[Black "Zolotyh, Lev"]
[Result "0-1"]
[WhiteElo "1648"]
[BlackElo "1906"]
[PlyCount "100"]
[EventDate "2015.10.03"]
[EventRounds "9"]
[EventCountry "RUS"]

1. e4 e5 2. d4 exd4 3. Qxd4 Nc6 4. Qe3 b6 5. Nc3 Nb4 6. Bd3 Ba6 7. Qe2 Nxd3+ 8.
cxd3 Bb4 9. Bd2 Ne7 10. Nf3 O-O 11. O-O c5 12. Rfe1 d5 13. a3 Bxc3 14. Bxc3 d4
15. Bd2 Qd7 16. Ne5 Qe6 17. Bf4 f6 18. Nc4 Rfd8 19. Rac1 Ng6 20. Bg3 Ne5 21.
Bxe5 fxe5 22. Rf1 b5 23. Nd2 c4 24. Rfd1 cxd3 25. Qxd3 b4 26. Qb3 Qxb3 27. Nxb3
bxa3 28. bxa3 Rac8 29. f3 Be2 30. Rd2 Rxc1+ 31. Nxc1 Ba6 32. Nd3 Bxd3 33. Rxd3
Rc8 34. f4 Rc3 35. Rf3 exf4 36. Kf2 Rc2+ 37. Kf1 g5 38. Rd3 Rc1+ 39. Kf2 Rc2+
40. Kf3 Rc3 41. Ke2 Rc4 42. Kf3 Kf7 43. Kg4 Kg6 44. h4 h5+ 45. Kf3 Rc3 46. Ke2
Rxd3 47. Kxd3 g4 48. Kxd4 g3 49. e5 f3 50. e6 fxg2 0-1

[Event "Chigorin Memorial"]
[Site "St Petersburg"]
[Date "2015.10.05"]
[Round "3.175"]
[White "Tsyrendashiev, Bato"]
[Black "Bezstrakhov, Dmitry"]
[Result "0-1"]
[WhiteElo "1631"]
[BlackElo "1903"]
[PlyCount "60"]
[EventDate "2015.10.03"]
[EventRounds "9"]
[EventCountry "RUS"]

1. e4 c5 2. Nf3 d6 3. d4 cxd4 4. Nxd4 a6 5. Nc3 Nf6 6. g4 Bxg4 7. f3 Bd7 8. Be3
Nc6 9. Qd2 g6 10. O-O-O Bg7 11. Be2 O-O 12. f4 Qc7 13. f5 Nxd4 14. Bxd4 gxf5
15. exf5 Bxf5 16. Qg5 Bg6 17. Kb1 e5 18. Be3 d5 19. Nxd5 Nxd5 20. Ka1 Nb4 21.
Bd3 e4 22. Bf4 Qb6 23. Be5 Qe6 24. c4 Bxe5 25. Bf1 e3 26. Rc1 Bg7 27. a3 Rfe8
28. Be2 Qc6 29. h4 Qa4 30. h5 Qxa3# 0-1

[Event "Chigorin Memorial"]
[Site "St Petersburg"]
[Date "2015.10.05"]
[Round "3.176"]
[White "Ivanov, Artem"]
[Black "Aure, Anders Nilsson"]
[Result "1-0"]
[WhiteElo "1898"]
[BlackElo "1689"]
[PlyCount "77"]
[EventDate "2015.10.03"]
[EventRounds "9"]
[EventCountry "RUS"]

1. e4 c5 2. Nf3 d6 3. d4 cxd4 4. Nxd4 Nf6 5. Nc3 g6 6. Be3 Bg7 7. Qd2 O-O 8. f3
Nc6 9. O-O-O Nxd4 10. Bxd4 Be6 11. Kb1 Qc7 12. g4 Rfc8 13. h4 Qa5 14. Nd5 Qxd2
15. Nxf6+ Bxf6 16. Rxd2 Bxd4 17. Rxd4 a6 18. Be2 Rc5 19. f4 Rac8 20. c3 Kg7 21.
Rg1 Bc4 22. Bf3 Bb5 23. g5 R5c7 24. Rgd1 Bc6 25. h5 Rd8 26. h6+ Kg8 27. Kc2 b5
28. Kd2 Rcd7 29. Ke3 Kf8 30. Bg4 e6 31. f5 Ke7 32. Rf1 d5 33. fxe6 fxe6 34. Rf6
Bb7 35. Rxe6+ Kf8 36. e5 Re7 37. Rf4+ Ke8 38. Kd4 Rdd7 39. Ref6 1-0

[Event "Chigorin Memorial"]
[Site "St Petersburg"]
[Date "2015.10.05"]
[Round "3.177"]
[White "Abdildayeva, Laura"]
[Black "Polozhentsev, Maksim"]
[Result "0-1"]
[WhiteElo "1600"]
[BlackElo "1897"]
[PlyCount "86"]
[EventDate "2015.10.03"]
[EventRounds "9"]
[EventCountry "RUS"]

1. e4 c5 2. Nf3 Nc6 3. d4 cxd4 4. Nxd4 Nf6 5. Nc3 g6 6. Be3 Bg7 7. f3 O-O 8.
Qd2 d5 9. O-O-O e6 10. h4 a6 11. g4 dxe4 12. Nxc6 Qxd2+ 13. Rxd2 bxc6 14. Nxe4
Nd5 15. Bc5 Re8 16. c4 Nf4 17. Rd6 f5 18. Nd2 fxg4 19. fxg4 Be5 20. Ne4 Kg7 21.
Rd1 Bc7 22. g5 e5 23. Nf6 Rd8 24. Rxd8 Bxd8 25. Ne8+ Kf7 26. Nd6+ Ke6 27. Bh3+
Nxh3 28. Rxh3 Be7 29. Rf3 Bd7 30. Ne4 Rd8 31. Bxe7 Kxe7 32. c5 Bf5 33. Nd6 Ke6
34. Rb3 Rf8 35. Rb6 Bd3 36. Rxc6 Kd5 37. Rc7 Rf2 38. Ne8 Kd4 39. Nf6 e4 40. Ng4
Rc2+ 41. Kd1 Rxb2 42. c6 Kc3 43. Ke1 Re2+ 0-1

[Event "Chigorin Memorial"]
[Site "St Petersburg"]
[Date "2015.10.05"]
[Round "3.178"]
[White "Rovnov, Vladislav"]
[Black "Shugalei, Mikhail"]
[Result "1-0"]
[WhiteElo "1895"]
[BlackElo "1663"]
[PlyCount "167"]
[EventDate "2015.10.03"]
[EventRounds "9"]
[EventCountry "RUS"]

1. e4 c5 2. Nf3 Nc6 3. d4 cxd4 4. Nxd4 d6 5. Nc3 Nf6 6. Bg5 e5 7. Nf3 Be7 8.
Be2 h6 9. Bxf6 Bxf6 10. O-O a6 11. Qd2 Bg4 12. Nd5 Bxf3 13. Bxf3 Bg5 14. Ne3
O-O 15. c3 Qd7 16. Qd3 Ne7 17. Nd5 Nxd5 18. Qxd5 Qc6 19. Rfd1 Rfd8 20. Rd3 Qxd5
21. Rxd5 Rac8 22. Rad1 Be7 23. Kf1 Rc5 24. Bg4 Rc4 25. Bf3 Rdc8 26. Ke1 R8c5
27. Rxc5 Rxc5 28. Kd2 g6 29. Kc2 a5 30. b3 b6 31. Kb2 Rc7 32. Be2 Kg7 33. a3 f5
34. f3 Kf6 35. b4 Ke6 36. Kb3 Bd8 37. Bc4+ Ke7 38. Bg8 f4 39. Bh7 g5 40. Bg8
Rc8 41. Bd5 Bc7 42. h4 Kf6 43. hxg5+ Kxg5 44. Ka4 Rh8 45. Rh1 h5 46. Kb5 Rh7
47. Kc6 Rg7 48. Be6 Re7 49. Bd7 Bb8 50. Rb1 a4 51. c4 Kh4 52. Rb2 Kg3 53. Rc2
h4 54. Bh3 Bc7 55. Kb5 Bd8 56. Kc6 Bc7 57. Rc3 Rg7 58. Kb5 Kh2 59. Rc2 Rg3 60.
Kc6 Rg7 61. Bg4 Kg3 62. Ra2 Kh2 63. Kb5 Kg3 64. Kxa4 Bd8 65. Bh3 Kh2 66. Kb5
Rg3 67. Kc6 Rxh3 68. gxh3+ Kxh3 69. Kd7 Bg5 70. a4 Kg3 71. a5 Kxf3 72. a6 Kg3
73. a7 h3 74. a8=Q h2 75. Qh8 Bh4 76. Rxh2 Kxh2 77. Qxh4+ Kg2 78. Qg4+ Kf2 79.
Kxd6 Ke3 80. Kxe5 f3 81. Qg3 Ke2 82. Kf4 f2 83. Qe3+ Kf1 84. Kg3 1-0

[Event "Chigorin Memorial"]
[Site "St Petersburg"]
[Date "2015.10.05"]
[Round "3.179"]
[White "Glukhov, Dmitriy"]
[Black "Lapin, Nikita"]
[Result "1-0"]
[WhiteElo "1893"]
[BlackElo "1641"]
[PlyCount "117"]
[EventDate "2015.10.03"]
[EventRounds "9"]
[EventCountry "RUS"]

1. d4 Nf6 2. c4 g6 3. Nf3 Bg7 4. g3 O-O 5. Bg2 d6 6. O-O Nc6 7. Nc3 Bf5 8. d5
Nb8 9. Nd4 Bd7 10. e4 c5 11. Nc2 a6 12. a4 Qc8 13. f4 Bh3 14. Be3 Bxg2 15. Kxg2
Ng4 16. Bg1 b6 17. Qe2 f5 18. Ne3 Nxe3+ 19. Qxe3 Ra7 20. Rab1 Qe8 21. h4 Nd7
22. Qd3 Qc8 23. Nd1 fxe4 24. Qxe4 Nf6 25. Qd3 Qd7 26. b3 Ng4 27. Nf2 Nxf2 28.
Bxf2 Qg4 29. Qf3 Qxf3+ 30. Kxf3 Rb7 31. b4 Rfb8 32. Rfe1 Kf7 33. Rec1 h5 34.
Rb3 Bf6 35. Rcb1 Bd4 36. Bxd4 cxd4 37. Ke4 Kf6 38. Kxd4 Kf5 39. Re3 Kg4 40.
Rbe1 Rf8 41. Rxe7 Rxe7 42. Rxe7 Kxg3 43. Re4 Kxh4 44. f5+ Kg5 45. fxg6 Kxg6 46.
c5 bxc5+ 47. bxc5 dxc5+ 48. Kxc5 Kf5 49. Re1 Rc8+ 50. Kb6 Rd8 51. Kc6 h4 52. d6
h3 53. d7 Kg4 54. Kc7 Rxd7+ 55. Kxd7 h2 56. Kc6 Kg3 57. Kb6 Kg2 58. Kxa6 h1=Q
59. Rxh1 1-0

[Event "Chigorin Memorial"]
[Site "St Petersburg"]
[Date "2015.10.05"]
[Round "3.181"]
[White "Efimenko, Aleksandr"]
[Black "Zvereva, Svetlana"]
[Result "1-0"]
[WhiteElo "1871"]
[BlackElo "1545"]
[PlyCount "63"]
[EventDate "2015.10.03"]
[EventRounds "9"]
[EventCountry "RUS"]

1. e4 e5 2. Nf3 Nc6 3. Bb5 g6 4. O-O Bg7 5. c3 Nge7 6. d4 exd4 7. cxd4 O-O 8.
Nc3 d5 9. e5 a6 10. Ba4 b5 11. Bc2 Bg4 12. Be3 f5 13. Qd2 Bxf3 14. gxf3 Qd7 15.
Rfd1 Nd8 16. Bg5 c6 17. Bb3 Kh8 18. f4 Ne6 19. Bxe7 Qxe7 20. Nxd5 cxd5 21. Bxd5
Rad8 22. Bxe6 Qxe6 23. d5 Qe7 24. Rac1 Rc8 25. d6 Qd7 26. Qd5 Rfe8 27. e6 Rxe6
28. Rxc8+ Qxc8 29. d7 Qd8 30. Qxe6 Bf6 31. Qxf6+ Qxf6 32. d8=Q+ 1-0

[Event "Chigorin Memorial"]
[Site "St Petersburg"]
[Date "2015.10.05"]
[Round "3.182"]
[White "Muradyan, Asya"]
[Black "Kiseleva, Ekaterina"]
[Result "0-1"]
[WhiteElo "1501"]
[BlackElo "1859"]
[PlyCount "122"]
[EventDate "2015.10.03"]
[EventRounds "9"]
[EventCountry "RUS"]

1. e4 e5 2. Nf3 d6 3. d4 exd4 4. Nxd4 Nf6 5. Nc3 Be7 6. Bf4 O-O 7. Bd3 Nc6 8.
Nxc6 bxc6 9. O-O Be6 10. Re1 Re8 11. Qd2 Nd7 12. Bf1 Bf6 13. Rad1 Rb8 14. b3 g6
15. Ne2 Nf8 16. Nd4 Bd7 17. Nf3 Bg4 18. Qe3 Ne6 19. Bg3 Ng5 20. Qd3 Bg7 21. h3
Bh5 22. Bf4 Nxf3+ 23. gxf3 Qf6 24. Bg3 Qxf3 25. Qxf3 Bxf3 26. Rd3 Rxe4 27. Rxe4
Bxe4 28. Rd2 Bf5 29. c4 Re8 30. Bg2 Re1+ 31. Kh2 Bc3 32. f4 Bxd2 33. Bxe1 Bxe1
34. Bxc6 Bb1 35. a3 Bd2 36. Kg3 Bc1 37. a4 Ba2 38. Bb5 Bxb3 39. Kg4 c6 40. Bxc6
Bxc4 41. f5 Be2+ 42. Kh4 gxf5 43. Bg2 f4 44. a5 f3 45. Bh1 f2 46. Bg2 Bd2 47.
a6 f6 48. Kg3 f1=Q 49. Bxf1 Bxf1 50. h4 d5 51. h5 d4 52. h6 Bxh6 53. Kf2 Bxa6
54. Ke1 d3 55. Kd1 Bb5 56. Ke1 Ba4 57. Kf2 d2 58. Kg2 d1=Q 59. Kh2 Qf3 60. Kg1
Bc6 61. Kh2 Qg2# 0-1